Statistics for Apex Legends Map Locations

Click here to take the quiz!

General Stats

  • This quiz has been taken 170 times
    (138 since last reset)
  • The average score is 16 of 74

Answer Stats

HintAnswer% Correct
Fragment East
73%
Fragment West
72%
Market
46%
Estates
45%
Bunker
43%
Hammond Labs
42%
Harvester
38%
Lava City
38%
Gardens
36%
Caustic Treatment
34%
Skyhook
34%
The Cage
34%
OlympusFight Night
32%
Lava Siphon
31%
Oasis
31%
The Geyser
29%
The Tree
29%
Turbine
29%
Airbase
28%
Artillery
28%
Labs
28%
Worlds EdgeTrials
27%
Epicenter
26%
Hydro Dam
26%
Swamps
26%
Thermal Station
26%
Containment
25%
Rift
25%
Countdown
22%
Grow Towers
22%
Barometer
21%
King's CanyonCrash Site
21%
Energy Depot
21%
Runoff
21%
Salvage
21%
Launch SIte
20%
Launch Site
20%
The Pit
20%
Fish Farm
19%
Overlook
19%
Capacitor
18%
Gauntlet
18%
Antenna
17%
Elysium
17%
The Wall
17%
Bonsai Plaza
16%
Cascade Falls
16%
Command Center
16%
The Mill
16%
Spotted Lake
15%
Hydroponics
14%
Storm Catcher
14%
Carrier
13%
Landslide
13%
Lava Fissure
13%
Orbital Cannon
13%
Solar Array
13%
Staging
13%
The Rig
13%
Icarus
11%
Survey Camp
11%
Cenote Cave
10%
Climatizer
10%
Lava Dome
10%
Lightning Rod
10%
Storm PointNorth Pad
10%
Broken Relay
9%
Checkpoint
9%
Repulser
8%
Ship Fall
8%
Thunder Watch
7%
Power Grid
6%
Highpoint
4%
Gale Station
3%

Score Distribution

Percentile by Number Answered

Percent of People with Each Score

Your Score History

You have not taken this quiz since the last reset